00362 a2200109 4500001000900000005001700009008004100026245009000067100002400157773005400181999001700235ART_758720260410161637.0260409a 10aLos instrumentos financieros derivados y sus implicancias impositivas (Primera parte)1 aCalcagno, Gabriel A0 tConsultor tributariog- NÂș 2 (abr. 2007)wREV474 c12969d12969